ADVANCED AND TECHNICAL STANDARDS IN NEUROSURGERY (Record no. 47242)
[ view plain ]
| 000 -LEADER | |
|---|---|
| fixed length control field | 00323nam a22001337a 4500 |
| 008 - FIXED-LENGTH DATA ELEMENTS--GENERAL INFORMATION | |
| fixed length control field | 180822b xxu||||| |||| 00| 0 eng d |
| 020 ## - INTERNATIONAL STANDARD BOOK NUMBER | |
| International Standard Book Number | 3211812938 |
| 041 ## - LANGUAGE CODE | |
| Language code of text/sound track or separate title | eng |
| 080 ## - UNIVERSAL DECIMAL CLASSIFICATION NUMBER | |
| Universal Decimal Classification number | 616.8 |
| 100 ## - Rafti | |
| Rafti | 7 |
| 101 ## - Shkurtesa | |
| Shkurtesa | NEU |
| 245 ## - TITLE STATEMENT | |
| Title | ADVANCED AND TECHNICAL STANDARDS IN NEUROSURGERY |
| Statement of responsibility, etc | KRAYNBUHLA,H |
| 942 ## - ADDED ENTRY ELEMENTS (KOHA) | |
| Source of classification or shelving scheme | |
| Item type | Books |
| Withdrawn status | Lost status | Source of classification or shelving scheme | Damaged status | Not for loan | Collection code | Permanent location | Current location | Shelving location | Date acquired | Total Checkouts | Full call number | Barcode | Date last seen | Price effective from | Koha item type |
|---|---|---|---|---|---|---|---|---|---|---|---|---|---|---|---|
| Koleksioni i përgjithshem | UBT - Lipjan | UBT - Lipjan | Koleksioni i përgjithshem | 08/22/2018 | 616.8 KRA | 002-3011326 | 08/22/2018 | 08/22/2018 | Books | ||||||
| Koleksioni i përgjithshem | UBT - Lipjan | UBT - Lipjan | Koleksioni i përgjithshem | 08/22/2018 | 616.8 KRA | 002-3011327 | 08/22/2018 | 08/22/2018 | Books |